000 00372nam a2200145Ia 4500
008 231129s1999||||xx |||||||||||||| ||spa||
020 _a956-239-093-4
040 _bspa
082 _aCh863 F958p
100 _aFuguet Alberto
245 0 _aPor favor rebobinar
260 _c1999
264 _aChile : Alfaguara
942 _2ddc
_cBKS
999 _c23050
_d23050